000
00302nam a22001337a 4500
008
170323b xxu||||| |||| 00| 0 eng d
020
_a
1578010268
041
_a
eng
080
_6
2 ED
_a
616.9
100
_a
8
101
_a
SHM
245
_a
HIV AIDS A2- HOUR OVER REWIEW
_c
LORENZO.L.A
942
_2
udc
_c
BK
999
_c
8423
_d
8423